Sports Quiz

Random Sports Quiz

Der Klassiker players since 2010 Quiz Stats

 Plays Quiz not verified by Sporcle

Challenge
Share
Tweet
Embed
Score 0/79 Timer 10:00
0 Plays Today
Team Player % Correct
Borussia DortmundRobert Lewandowski
96.3%
Borussia Dortmund goalscorersRobert Lewandowski
96.3%
Bayern MunichManuel Neuer
95.4%
Borussia DortmundMario Götze
95%
Borussia Dortmund goalscorersMario Götze
95%
Borussia DortmundMats Hummels
94.4%
Borussia Dortmund goalscorersMats Hummels
94.4%
Bayern MunichArjen Robben
93.6%
Bayern Munich goalscorersArjen Robben
93.6%
Bayern MunichPhilipp Lahm
92.8%
Bayern MunichFranck Ribéry
92.1%
Bayern Munich goalscorersFranck Ribéry
92.1%
Borussia DortmundRoman Weidenfeller
91.2%
Borussia DortmundMarco Reus
90.4%
Bayern MunichBastain Schweinsteiger
87.3%
Bayern MunichThomas Müller
87.3%
Bayern Munich goalscorersThomas Müller
87.3%
Bayern MunichJérôme Boateng
87%
Borussia DortmundMarcel Schmelzer
84.5%
Borussia DortmundNeven Subotić
84%
Bayern MunichDavid Alaba
78.5%
Bayern MunichMario Gómez
77.9%
Bayern Munich goalscorersMario Gómez
77.9%
Borussia DortmundSven Bender
75.8%
Borussia DortmundNuri Şahin
75.2%
Borussia Dortmund goalscorersNuri Şahin
75.2%
Borussia DortmundJakub Błaszczykowski
74%
Bayern MunichMario Mandžukić
73.9%
Bayern Munich goalscorersMario Mandžukić
73.9%
Borussia DortmundŁukasz Piszczek
73.1%
Bayern MunichToni Kroos
73.1%
Bayern Munich goalscorersToni Kroos
73.1%
Borussia DortmundShinji Kagawa
72.8%
Borussia Dortmund goalscorersShinji Kagawa
72.8%
Borussia DortmundKevin Großkreutz
72.6%
Borussia Dortmund goalscorersKevin Großkreutz
72.1%
Borussia DortmundSebastian Kehl
71.5%
Borussia Dortmundİlkay Gündoğan
70.7%
Borussia Dortmund goalscorersİlkay Gündoğan
70.1%
Bayern MunichJavi Martínez
67.6%
Team Player % Correct
Bayern MunichHolger Badstuber
66.7%
Bayern MunichDante
65.5%
Borussia DortmundLucas Barrios
59.8%
Borussia Dortmund goalscorersLucas Barrios
59.8%
Bayern MunichDaniel Van Buyten
59.5%
Bayern MunichRafinha
55.9%
Bayern MunichHans-Jörg Butt
53.5%
Bayern MunichMiroslav Klose
48.9%
Borussia DortmundMitchell Langerak
47%
Borussia DortmundFelipe Santana
46.5%
Bayern MunichLuiz Gustavo
45.5%
Bayern Munich goalscorersLuiz Gustavo
45.5%
Bayern MunichIvica Olić
44.6%
Bayern MunichClaudio Pizarro
44.1%
Bayern MunichMark van Bommel
40.4%
Bayern Munich goalscorersMark van Bommel
40.4%
Bayern MunichXherdan Shaqiri
37%
Bayern MunichDiego Contento
34.5%
Borussia DortmundJulian Schieber
33.2%
Bayern MunichMartín Demichelis
31.6%
Bayern MunichDanijel Pranjić
29.5%
Bayern MunichAnatoliy Tymoshchuk
28.4%
Borussia DortmundIvan Perišić
28.2%
Borussia DortmundPatrick Owomoyela
25.6%
Borussia DortmundMoritz Leitner
25.5%
Bayern MunichThomas Kraft
22.9%
Borussia DortmundMohamed Zidan
21.5%
Borussia Dortmund goalscorersMohamed Zidan
21.5%
Bayern MunichHamit Altintop
21.3%
Bayern MunichEdson Braafheid
18.1%
Bayern MunichBreno
16.7%
Borussia DortmundAntônio da Silva
12.8%
Bayern MunichEmre Can
12.2%
Bayern MunichNils Petersen
9.1%
Borussia DortmundTamás Hajnal
8.5%
Borussia DortmundMarkus Feulner
5.9%
Bayern MunichPierre Højbjerg
5.6%
Borussia DortmundMarc Ziegler
4%
Borussia DortmundDamien Le Tallec
3.5%

You're not logged in!

Compare scores with friends on all Sporcle quizzes.
OR
Log In

You Might Also Like...

Show Comments

Extras

Top Quizzes Today


Score Distribution

Your Account Isn't Verified!

In order to create a playlist on Sporcle, you need to verify the email address you used during registration. Go to your Sporcle Settings to finish the process.

Report this User

Report this user for behavior that violates our Community Guidelines.

Details: